| 000 | 00385nam a2200157Ia 4500 | ||
|---|---|---|---|
| 008 | 230711s9999||||xx |||||||||||||| ||und|| | ||
| 041 | _aENG | ||
| 082 |
_a5 _bGR-A |
||
| 100 | _aGreenbaum JR | ||
| 245 | 0 | _aAnalysis and design of electronics circuits using PCs | |
| 250 | _a1st | ||
| 260 |
_c1988 _aNew DElhi _bVNR |
||
| 300 | _a278 | ||
| 650 | _aElectronics Engineering | ||
| 942 | _cBK | ||
| 999 |
_c2849 _d2849 |
||